LEADER 04131nam 22005413 450 001 9910159367403321 005 20230810001738.0 010 $a9783840464157 010 $a3840464153 035 $a(CKB)3710000001019247 035 $a(MiAaPQ)EBC5264432 035 $a(Au-PeEL)EBL5264432 035 $a(CaPaEBR)ebr11509643 035 $a(OCoLC)1022791494 035 $a(Exl-AI)5264432 035 $a(EXLCZ)993710000001019247 100 $a20210901d2017 uy 0 101 0 $ager 135 $aurcnu|||||||| 181 $ctxt$2rdacontent 182 $cc$2rdamedia 183 $acr$2rdacarrier 200 14$aDas Blauerhundkonzept 1 $eHunde emotional verstehen und trainieren 205 $a1st ed. 210 1$aMu?nchen :$cCadmos Verlag,$d2017. 210 4$d©2017. 215 $a1 online resource (127 pages) 225 1 $aHaltung & Erziehung 311 08$a9783840420078 311 08$a3840420075 327 $aIntro -- Halb Titel Seite -- Titel Seite -- Impressum -- Inhalt -- Vorwort oder die wahre Antwort auf die Frage: "Warum ist der Hund blau?" -- Teil 1 - Ein neuer Blick auf einen alten Freund -- Beziehungskiste -- Die Dominanztheorie - Das große Missversta?ndnis -- Rangordnung bei Wo?lfen? -- Rangordnung bei Hunden? -- Eltern statt Rudelfu?hrer -- Exkurs Bindung -- Emotionales Lernen -- Emotionswesen Hund -- Reize -- Emotionales Lernmodell -- Konsequenzen -- Standardstrategien -- Motivation versus Triebe -- Beispiel -- Welche Rolle spielt der Hund? -- Perso?nlichkeit von Hund und Mensch -- Das Fu?nf-Faktoren-Modell der Perso?nlichkeit -- Wie passen Mensch und Hund zusammen? -- Hundetraining beginnt im Menschenkopf -- Stimmungsu?bertragung -- Der eigenen Intuition trauen -- Mentale Bilder -- Teil 2 - Emotionales Training -- Grundlagen emotionsorientierten Trainings -- Das Zwei-Sa?ulen-Prinzip -- Organisation -- Positive Versta?rkung -- Die u?bliche Frage: Belohnung oder Bestechung? -- Unabsichtliche Bestechung vermeiden -- Intervalltraining -- Frustration und Erleichterung -- Der erste Eindruck -- Umgang mit Fehlern -- Anfa?ngerfehler -- Das Schadewort -- Profifehler -- Risiken und Nebenwirkungen positiver Trainingstechniken oder: Das "Willnichtmussnicht"-Pha?nomen -- Ursachenforschung -- Ist Strafe no?tig? Umgang mit unerwu?nschtem Verhalten -- Strafe richtig einsetzen -- Hilfsmittel aus dem Medizinschrank -- Teil 3 - Clicken nach Blauerhund -- Clickertraining und Emotionen -- Warum Clicken? -- Clicken lo?st positive Emotionen aus -- Positive Verknu?pfung mit den U?bungen -- Clicken verhindert zu hohe Erregung -- Frustrationstoleranz -- Wie Clicken? -- Clickertechniken -- Shaping -- Locken -- Modellieren -- Welche Rolle spielt die echte Belohnung und beendet der Click die U?bung? -- Gefu?hle beeinflussen -- Clicken gegen A?ngste und Aggression?. 327 $aDie Clickfu?r-Blick-Methode -- Ausblick -- Literaturverzeichnis. 330 $aThis book explores innovative methods of dog training and behavior management, emphasizing emotional learning and positive reinforcement. It challenges traditional views on canine hierarchy and dominance, offering insights into the natural family structure of wolves as a model for understanding dogs. The authors advocate for a humane and intuitive approach to training, focusing on the bond between humans and dogs. Key concepts include the use of clicker training to foster positive emotions and manage unwanted behaviors effectively. The book is intended for dog owners and trainers seeking to deepen their understanding of canine psychology and improve their training practices.$7Generated by AI. 410 0$aHaltung & Erziehung 517 $aBlauerhundkonzept 1 606 $aDogs$xTraining$7Generated by AI 606 $aDogs$xBehavior$7Generated by AI 615 0$aDogs$xTraining 615 0$aDogs$xBehavior 700 $aFranck$b Rolf C$01379398 701 $aFranck$b Madeleine$01379399 801 0$bMiAaPQ 801 1$bMiAaPQ 801 2$bMiAaPQ 906 $aBOOK 912 $a9910159367403321 996 $aDas Blauerhundkonzept 1$93419091 997 $aUNINA LEADER 02181nam0 22005293i 450 001 VAN00292573 005 20260130085658.951 017 70$2N$a9789401111928 100 $a20250509d1994 |0itac50 ba 101 $aeng 102 $aNL 105 $a|||| ||||| 181 $ai$b e 182 $ab 183 $acr 200 1 $aScheduling Theory$eMulti-Stage Systems$fby V. S. Tanaev, Y. N. Sotskov and V. A. Strusevich 210 $aDordrecht$cSpringer$cKluwer$d1994 215 $avii, 404 p.$d24 cm 300 $aTradotto dal russo 410 1$1001VAN00022423$12001 $aMathematics and its applications$1210 $aDordrecht$cReidel$d1977-2007$1300 $aL'editore varia in: Kluwer ; [poi] Springer$v285 500 1$3VAN00292575$aTeoriya raspisaniy. Mnogostadiynyye sistemy$94376624 606 $a90B35$xScheduling theory, deterministic in operations research [MSC 2020]$3VANC033687$2MF 610 $aAlgorithms$9KW:K 610 $aApproximations$9KW:K 610 $aComplexity$9KW:K 610 $aGraphs$9KW:K 610 $aManufacturing$9KW:K 610 $aNetworks$9KW:K 610 $aOperations Research$9KW:K 610 $aOptimization$9KW:K 610 $aProduction$9KW:K 610 $aScheduling$9KW:K 620 $aNL$dDordrecht$3VANL000068 700 1$aTanaev$bVyacheslav S.$3VANV248236$01817880 701 1$aSotskov$bYuri N.$3VANV248237$0741192 701 1$aStrusevich$bVitaly A.$3VANV248239$0881862 712 $aKluwer $3VANV108116$4650 712 $aSpringer $3VANV108073$4650 790 1$aSotskov, Yu. N.$zSotskov, Yuri N.$3VANV248238 801 $aIT$bSOL$c20260206$gRICA 856 4 $uhttps://doi.org/10.1007/978-94-011-1192-8$zE-book ? Accesso al full-text attraverso riconoscimento IP di Ateneo, proxy e/o Shibboleth 899 $aBIBLIOTECA DEL DIPARTIMENTO DI MATEMATICA E FISICA$1IT-CE0120$2VAN08 912 $fN 912 $aVAN00292573 950 $aBIBLIOTECA DEL DIPARTIMENTO DI MATEMATICA E FISICA$d08DLOAD e-Book 11643 $e08eMF11643 20250625 996 $aTeoriya raspisaniy. Mnogostadiynyye sistemy$94376624 997 $aUNICAMPANIA